Which Country of the United Kingdom? - Statistics

General Stats
  • This quiz has been taken 39,501 times
    39,356 since last reset
  • The average score is 11 of 18
Answer Stats
Question Answer % Correct
Has the largest population England
100%
Its capital is Belfast Northern Ireland
88%
Has a village named Llanfairpwllgwyngyll Wales
83%
Has the largest land area England
82%
Has the most offshore islands Scotland
82%
Contains the tallest mountain: Ben Nevis Scotland
78%
Contains the county of Cornwall England
75%
The Good Friday Agreement was signed there in 1998 Northern Ireland
69%
Has the greatest ratio of sheep to people Wales
63%
Saint David is its patron saint Wales
61%
Has hosted golf's Open Championship, aka the British Open, the greatest number of times Scotland
58%
Contains ocean inlets known as the "Firth of Forth" and "Firth of Clyde" Scotland
58%
Where the first name Dylan originally came from Wales
48%
Home to the Principality (Millennium) Stadium Wales
44%
Uses the flag of the U.K. as its official flag Northern Ireland
43%
Tony Blair was born there Scotland
33%
Does not have its own legislature separate from the U.K Parliament England
30%
Home to the largest lake in U.K., which takes up about 3% of the country's surface area Northern Ireland
19%
No matching quizzes found
Score Distribution
Percent of People with Each Score
Percentile by Number Answered
Your Score History
You have not taken this quiz since the last reset